000 00285nam a22001337a 4500
008 181017b xxu||||| |||| 00| 0 eng d
020 _a9780323280488
041 _aeng
080 _a610
100 _a4
101 _aSHM
245 _aClinical Advisor
_cFerri,F.F
942 _2udc
_cBK
999 _c49968
_d49968